000 00499nam a2200169 i 4500
001 85920
003 ES-MaACL
005 20230906175333.0
007 t|
008 041202s1936 fr ||||1| fre d
100 1 _aKagawa, Toyohiko.
_967406
245 1 2 _aL'archer tirant contre le soleil /
_cToyohiko Kagawa ; autobiographie romancie traduit par Ch. Guillon.
260 _aParis :
_bJe Sers,
_c[1936]
300 _a237 p. ;
_c21 cm.
700 1 _aGuillon, Ch.
_960817
852 _aES-MaACL
_jA-4650
999 _c85920
_d85920